000 00899nas a2200313 4500
001 BR9903159
003 BR-BrBNA
005 20231205101449.0
007 ta
008 230509b bl.|||p| |||| 00| 00por d
040 _aBR-BrBNA
_bpor
_cBiblioteca Nacional de Agricultura
041 _a(Pt)
072 _aL70
100 1 _aBorges, A.P.B.
100 1 _aRezende, C.M. de F.
100 1 _aAssis, C.B. de
100 1 _aPereira, M.F.
100 1 _aAndrade, L.M.
245 1 _aComposicao do liquido sinovial de caes com ruptura do ligamento cruzado cranial
650 _aCao
650 _aVeterinaria
650 _aArticulacao
650 _aLesao
650 _aAnalise de Laboratorio
650 _aDiagnostico
773 0 _tCiencia Rural (Brazil)
_xISSN 0103-8478
_g(May-Jun 1999), v. 29(2) p. 285-289
_wBR9903159
909 _a202311
_bLúcia
_c55
_dLúcia Elande
942 _2AGRIS
_n0
_cANA
999 _c162021
_d162021